<?xml version="1.0" encoding="UTF-8"?>
<marc:record xmlns:marc="http://www.loc.gov/MARC21/slim">
   <marc:leader>00000nam a2200000 a 4500</marc:leader>
   <marc:datafield ind1="1" ind2=" " tag="100">
      <marc:subfield code="a">Thorn, Ines</marc:subfield>
      <marc:subfield code="4">aut</marc:subfield>
      <marc:subfield code="e">Verfasser/-in</marc:subfield>
   </marc:datafield>
   <marc:datafield ind1=" " ind2=" " tag="653">
      <marc:subfield code="a">Geschichte 1550</marc:subfield>
   </marc:datafield>
   <marc:datafield ind1="0" ind2="0" tag="245">
      <marc:subfield code="a">Galgentochter</marc:subfield>
   </marc:datafield>
   <marc:datafield ind1="0" ind2="0" tag="245">
      <marc:subfield code="b">Historischer Roman</marc:subfield>
   </marc:datafield>
   <marc:datafield ind1="0" ind2="0" tag="245">
      <marc:subfield code="c">Ines Thorn</marc:subfield>
   </marc:datafield>
   <marc:datafield ind1=" " ind2="1" tag="264">
      <marc:subfield code="b">RM Buch &amp; Medien</marc:subfield>
      <marc:subfield code="c">2008</marc:subfield>
   </marc:datafield>
   <marc:datafield ind1="1" ind2=" " tag="520">
      <marc:subfield code="a">Im Schatten des Galgens lauert das Verderben.&lt;br/&gt;&lt;br/&gt;Als auf dem Frankfurter Gallusberg die Leiche einer Hure gefunden wird, steht für Richter Blettner sofort fest: Es war Selbstmord. Doch seine junge Frau Hella sieht das anders. Und es dauert nicht lange, da liegt ein zweiter Toter am gleichen Ort: der verschwundene Gewandschneider Voss. Hella und ihre Mutter, die Witwe Gustelies, beschließen, dass es höchste Zeit ist für eine ordentliche Ermittlung. Die Spur führt sie hinauf in die oberste Riege der Frankfurter Zünfte und tief hinab in die dunkelsten Winkel der Reichsstadt.</marc:subfield>
   </marc:datafield>
</marc:record>
